| 000 | 00579nam a2200193 i 4500 | ||
|---|---|---|---|
| 001 | 36306 | ||
| 003 | ES-MaACL | ||
| 005 | 20230906155337.0 | ||
| 007 | t| | ||
| 008 | 030217s1949 fr ||||1| fre d | ||
| 100 | 1 |
_aBrion, Marcel. _931767 |
|
| 245 | 1 | 0 |
_aDe César a Charlemagne _b: des origines a l'an 1000 / _cMarcel Brion. |
| 260 |
_aParis : _bArthème Fayard, _c[1949] ( _fF. Bronty) |
||
| 300 |
_a313 p. ; _c19 cm. |
||
| 490 | 1 | _aConnaissance de l'histoire | |
| 830 | 0 |
_aConnaissance de l'histoire _9181384 |
|
| 852 |
_aES-MaACL _jD-1398 _bR.30729 |
||
| 999 |
_c36306 _d36306 |
||